000 00396nam a22001457a 4500
005 20200617132815.0
008 200617b xxu||||| |||| 00| 0 eng d
082 _a345.4 AIR
110 _aALL INDIA REPORTER
_96136
245 _aALL INDIA REPORTER [1988] [VOL-75] ALLAHABAD SECTION
260 _aMUMBAI
_bALL INDIA REPORTER, PVT. LTD.
300 _a384;p
650 _aLAW
_95701
942 _cJRL
999 _c7190
_d7188